[Event "ROM-ch sf (Women)"]
[Site "Baile Tusnad"]
[Date "1999.??.??"]
[Round "8"]
[White "Badut, Ana Maria"]
[Black "Cretu, Alina"]
[Result "0-1"]
[WhiteElo "2015"]
[BlackElo "2121"]
[PlyCount "44"]
[EventDate "1999.09.??"]
[EventType "swiss"]
[EventRounds "9"]
[EventCountry "ROU"]
[SourceTitle "EXT 2000"]
[Source "ChessBase"]
[SourceDate "1999.11.16"]
[SourceVersion "1"]
[SourceVersionDate "1999.11.16"]
[SourceQuality "1"]

1. e4 c5 2. Nf3 d6 3. d4 cxd4 4. Nxd4 Nf6 5. Nc3 g6 6. Be3 Bg7 7. f3 0-0 8. Qd2 Nc6 9. 0-0-0 a6 10. Nxc6 bxc6 11. e5 Nd5 12. Nxd5 cxd5 13. exd6 e6 14. Bc5 Bd7 15. h4 Rb8 16. Ba3 Qb6 17. b3 Rfc8 18. h5 Bc3 19. Qh6 Qa5 20. Bb2 Bxb2+ 21. Kxb2 Qc3+ 22. Ka3 Rc5 0-1

[Event "ROM-ch (Women)"]
[Site "Sovata"]
[Date "1998.12.15"]
[Round "11"]
[White "Cretu, Alina"]
[Black "Ionescu, Irina"]
[Result "0-1"]
[WhiteElo "2085"]
[BlackElo "2130"]
[PlyCount "108"]
[EventDate "1998.12.04"]
[EventType "tourn"]
[EventRounds "13"]
[EventCountry "ROU"]
[SourceTitle "EXT 2000"]
[Source "ChessBase"]
[SourceDate "1999.11.16"]
[SourceVersion "1"]
[SourceVersionDate "1999.11.16"]
[SourceQuality "1"]

1. c4 c6 2. Nc3 d5 3. cxd5 cxd5 4. d4 Nf6 5. Bf4 Nc6 6. Nf3 a6 7. a3 Bg4 8. Ne5 Bd7 9. e3 e6 10. Bd3 Be7 11. h3 0-0 12. 0-0 Rc8 13. Rc1 Na5 14. Nxd7 Qxd7 15. Qa4 Qxa4 16. Nxa4 Nb3 17. Rc2 Nd7 18. Rd1 b5 19. Nc3 Nb6 20. Na2 Na4 21. Nb4 Rxc2 22. Bxc2 Na5 23. Bxa4 bxa4 24. Rc1 Nc4 25. Rc2 Bxb4 26. axb4 f6 27. e4 Rf7 28. exd5 exd5 29. Rc3 Rb7 30. b3 axb3 31. Rxb3 Rb5 32. Kf1 a5 33. Ke2 Rxb4 34. Rxb4 axb4 35. Kd3 b3 36. Kc3 b2 37. Kc2 Kf7 38. g3 Ke6 39. Bb8 Kf5 40. f3 b1Q+ 41. Kxb1 Nd2+ 42. Kc2 Nxf3 43. Kd3 Ng1 44. h4 Kg4 45. Ke3 Nf3 46. Bc7 Nh2 47. Kf2 h5 48. Bb8 Nf3 49. Ke3 g5 50. hxg5 Nxg5 51. Kf2 Ne6 52. Ba7 Ng7 53. Bb6 Nf5 54. Bd8 Nxg3 0-1

[Event "ROM-ch (Women)"]
[Site "Sovata"]
[Date "1998.12.14"]
[Round "10"]
[White "Olarasu, Gabriela"]
[Black "Cretu, Alina"]
[Result "1-0"]
[WhiteElo "2325"]
[BlackElo "2085"]
[PlyCount "83"]
[EventDate "1998.12.04"]
[EventType "tourn"]
[EventRounds "13"]
[EventCountry "ROU"]
[SourceTitle "EXT 2000"]
[Source "ChessBase"]
[SourceDate "1999.11.16"]
[SourceVersion "1"]
[SourceVersionDate "1999.11.16"]
[SourceQuality "1"]

1. Nf3 c5 2. c4 Nc6 3. Nc3 g6 4. e3 Bg7 5. d4 cxd4 6. exd4 d6 7. d5 Ne5 8. Nxe5 Bxe5 9. h4 h5 10. Bg5 Qb6 11. Qd2 Bf5 12. Be3 Qd8 13. Nb5 Nf6 14. Nxa7 Ng4 15. Nb5 Nxe3 16. fxe3 0-0 17. Kf2 e6 18. Be2 Qf6 19. Nc3 Bd3+ 20. Ke1 Bg3+ 21. Kd1 Bxe2+ 22. Kxe2 Qf2+ 23. Kd3 Qf5+ 24. e4 Qe5 25. Raf1 Bxh4 26. a3 Bg5 27. Qe2 Rac8 28. Rh3 Kg7 29. Rhf3 exd5 30. cxd5 Rc7 31. Qf2 Re7 32. Qd4 f5 33. exf5 gxf5 34. Rxf5 Rxf5 35. Rxf5 Qxd4+ 36. Kxd4 Kg6 37. Rf1 Re3 38. Rf2 Re1 39. Kc4 Bf6 40. Kd3 Re5 41. a4 Rg5 42. Rxf6+ 1-0

[Event "ROM-ch (Women)"]
[Site "Sovata"]
[Date "1998.12.10"]
[Round "7"]
[White "Cretu, Alina"]
[Black "Mosnegutu, Mariana"]
[Result "1-0"]
[WhiteElo "2085"]
[BlackElo "2155"]
[PlyCount "83"]
[EventDate "1998.12.04"]
[EventType "tourn"]
[EventRounds "13"]
[EventCountry "ROU"]
[SourceTitle "EXT 2000"]
[Source "ChessBase"]
[SourceDate "1999.11.16"]
[SourceVersion "1"]
[SourceVersionDate "1999.11.16"]
[SourceQuality "1"]

1. c4 c5 2. Nc3 Nc6 3. g3 g6 4. Bg2 Bg7 5. e3 Nh6 6. Nge2 Nf5 7. Nf4 0-0 8. 0-0 a6 9. a3 Rb8 10. Rb1 b5 11. cxb5 axb5 12. b4 cxb4 13. axb4 Nd6 14. Qb3 Ne5 15. d4 Nec4 16. Nd3 e6 17. Nc5 Qb6 18. Rd1 Nf5 19. N5a4 Qc7 20. Nb2 d5 21. Nd3 Bxd4 22. exd4 Nxd4 23. Qa2 Qc6 24. Ra1 Nb6 25. Nc5 Ra8 26. Qb1 Rxa1 27. Qxa1 e5 28. Bh6 Re8 29. h3 Bf5 30. Qa2 Rd8 31. Be3 Ra8 32. Bxd5 Rxa2 33. Bxc6 Rc2 34. Bxd4 exd4 35. Nxb5 d3 36. Be4 Bxe4 37. Nxe4 Rc4 38. Nec3 Rxb4 39. Rxd3 Rb3 40. Rd8+ Kg7 41. Kg2 Nc4 42. Rd5 1-0

[Event "ROM-ch (Women)"]
[Site "Sovata"]
[Date "1998.12.05"]
[Round "2"]
[White "Bollengier, Andreea"]
[Black "Cretu, Alina"]
[Result "1-0"]
[WhiteElo "2185"]
[BlackElo "2085"]
[PlyCount "121"]
[EventDate "1998.12.04"]
[EventType "tourn"]
[EventRounds "13"]
[EventCountry "ROU"]
[SourceTitle "EXT 2000"]
[Source "ChessBase"]
[SourceDate "1999.11.16"]
[SourceVersion "1"]
[SourceVersionDate "1999.11.16"]
[SourceQuality "1"]

1. e4 c5 2. Nf3 Nc6 3. Bb5 g6 4. Bxc6 dxc6 5. d3 Bg7 6. h3 e5 7. Nc3 f6 8. Be3 Qe7 9. Qd2 g5 10. a3 Be6 11. Qe2 h5 12. Nd2 h4 13. Na4 b6 14. b4 cxb4 15. axb4 Rd8 16. Rb1 Nh6 17. f3 Qd7 18. 0-0 Nf7 19. Rfd1 c5 20. b5 Nd6 21. c4 Nc8 22. Nb2 Ne7 23. Ra1 Ng6 24. Ra3 Nf4 25. Qf1 0-0 26. Rda1 Ra8 27. Na4 Qc7 28. Nc3 Qd7 29. Na4 Qc7 30. Nc3 Qd7 31. Qb1 Rfb8 32. Nd5 Bxd5 33. cxd5 Ne2+ 34. Kf2 Nd4 35. Bxd4 cxd4 36. Nc4 Bf8 37. Ra6 Bc5 38. Qb3 Kf7 39. Qa4 Rb7 40. Rc1 Rc8 41. Kg1 Kg6 42. Nd2 Rbc7 43. Qb3 Bd6 44. Rc6 Kf7 45. Qc2 Qe7 46. Nc4 Rxc6 47. bxc6 Rc7 48. Qa4 Bc5 49. Qb5 Kf8 50. Ra2 Bb4 51. Rb2 Bc3 52. Rc2 Bb4 53. Qa4 Bc5 54. Kf2 Bb4 55. Ke2 Bc5 56. Qb3 Bd6 57. Kd1 Bc5 58. Na5 Kg7 59. Nb7 Ba3 60. d6 Bxd6 61. Qd5 1-0

[Event "ROM-ch (Women)"]
[Site "Sovata"]
[Date "1998.12.04"]
[Round "1"]
[White "Ciobanu, Camelia Adriana"]
[Black "Cretu, Alina"]
[Result "0-1"]
[WhiteElo "2145"]
[BlackElo "2085"]
[PlyCount "160"]
[EventDate "1998.12.04"]
[EventType "tourn"]
[EventRounds "13"]
[EventCountry "ROU"]
[SourceTitle "EXT 2000"]
[Source "ChessBase"]
[SourceDate "1999.11.16"]
[SourceVersion "1"]
[SourceVersionDate "1999.11.16"]
[SourceQuality "1"]

1. d4 Nf6 2. c4 e6 3. Nf3 d5 4. cxd5 exd5 5. Nc3 c6 6. Bg5 Be7 7. Qc2 0-0 8. e3 Nbd7 9. Bd3 h6 10. Bh4 Re8 11. 0-0 Ne4 12. Bxe7 Qxe7 13. Rab1 a5 14. a3 Nd6 15. Nd2 Nf6 16. Na4 Qc7 17. b4 b5 18. Nc5 Nc4 19. Bxc4 dxc4 20. Nf3 axb4 21. axb4 Nd5 22. Ne5 f6 23. Ng6 Qf7 24. Nh4 Qh5 25. Nf3 Re7 26. Qd2 Rea7 27. e4 Ra2 28. Qc1 Ne7 29. Qf4 Bg4 30. Nb7 Ng6 31. Qg3 Bxf3 32. Qxf3 Qxf3 33. gxf3 Nf4 34. Kh1 R2a3 35. Rbd1 R8a7 36. Na5 Rc7 37. d5 cxd5 38. exd5 Rd7 39. Nc6 Kh7 40. d6 Rd3 41. Rxd3 Nxd3 42. Nd4 Rxd6 43. Nxb5 Rb6 44. Nc3 Rxb4 45. Kg2 Rb3 46. Ne2 Rb2 47. Nc3 Kg6 48. Kg3 Kf5 49. Nd1 Rb4 50. Ne3+ Ke5 51. Rd1 Nb2 52. Rd5+ Ke6 53. Ra5 Kd6 54. Ra8 Rb5 55. h4 Rc5 56. Rd8+ Ke7 57. Rd2 Na4 58. Ra2 Nb6 59. Rb2 Nd5 60. Nf5+ Kd7 61. Nd4 c3 62. Rc2 Nb4 63. Rc1 Rd5 64. Nc2 Nxc2 65. Rxc2 Rc5 66. Kf4 Ke6 67. Ke4 Rc4+ 68. Kd3 Kd5 69. Ra2 c2 70. Rxc2 Rxc2 71. Kxc2 Ke5 72. Kd3 Kf4 73. Ke2 h5 74. Kf1 Kxf3 75. Kg1 Kg4 76. f3+ Kxf3 77. Kh1 Ke2 78. Kg2 f5 79. Kg3 Ke3 80. Kg2 f4 0-1

[Event "Hollabrunn op"]
[Site "Hollabrunn"]
[Date "1998.??.??"]
[Round "3"]
[White "Neumeier, Klaus"]
[Black "Cretu, Alina"]
[Result "1/2-1/2"]
[WhiteElo "2255"]
[BlackElo "2075"]
[PlyCount "112"]
[EventDate "1998.??.??"]
[EventType "swiss"]
[EventRounds "9"]
[EventCountry "AUT"]
[SourceTitle "EXT 1999"]
[Source "ChessBase"]
[SourceDate "1998.11.16"]
[SourceVersion "1"]
[SourceVersionDate "1998.11.16"]
[SourceQuality "1"]

1. e4 c5 2. Nc3 Nc6 3. g3 g6 4. Bg2 Bg7 5. d3 e6 6. Be3 Nd4 7. Nce2 d5 8. exd5 exd5 9. Bxd4 cxd4 10. Nf4 Ne7 11. Qf3 Be6 12. Nxe6 fxe6 13. Nh3 Nf5 14. Qe2 Kf7 15. 0-0 Re8 16. Rae1 Rc8 17. Nf4 Qd6 18. Bh3 Bh6 19. Ng2 Qc6 20. Qf3 Kg7 21. g4 Nd6 22. g5 Bxg5 23. Bxe6 Rcd8 24. Bxd5 Qd7 25. Nf4 Bxf4 26. Qxf4 Nf5 27. Re5 Rxe5 28. Qxe5+ Kh6 29. Be6 Qd6 30. Qxd6 Nxd6 31. Re1 Re8 32. Kf1 Kg5 33. c4 dxc3 34. bxc3 Kf4 35. c4 b6 36. d4 Ne4 37. d5 Nd2+ 38. Kg2 Nxc4 39. Rc1 b5 40. a4 a6 41. axb5 axb5 42. Bd7 Rb8 43. Bxb5 Rxb5 44. Rxc4+ Ke5 45. Rc7 h5 46. Rg7 Rb6 47. Rd7 Rd6 48. Rxd6 Kxd6 49. Kf3 Kxd5 50. Kf4 Ke6 51. Kg5 Kf7 52. h4 Kg7 53. f3 Kf7 54. f4 Kg7 55. f5 gxf5 56. Kxf5 Kh6 1/2-1/2

[Event "Odorheiu Secuiesc op"]
[Site "Odorheiu Secuiesc"]
[Date "1993.??.??"]
[Round "10"]
[White "Bogdan, Dan"]
[Black "Cretu, Alina"]
[Result "1/2-1/2"]
[WhiteElo "2290"]
[BlackElo "2055"]
[PlyCount "78"]
[EventDate "1993.05.??"]
[EventType "swiss"]
[EventRounds "11"]
[EventCountry "ROU"]
[SourceTitle "TD"]
[Source "ChessBase"]
[SourceDate "1994.03.01"]
[SourceVersion "1"]
[SourceVersionDate "1994.03.01"]
[SourceQuality "1"]

1. b3 d5 2. Bb2 c5 3. g3 Nc6 4. Nf3 Nf6 5. Bg2 e6 6. 0-0 Be7 7. e3 0-0 8. d4 cxd4 9. exd4 b6 10. Ne5 Qc7 11. Nxc6 Qxc6 12. c4 Bb7 13. Nc3 Qd7 14. Qe2 dxc4 15. Bxb7 Qxb7 16. bxc4 Rfd8 17. Rfd1 Bf8 18. f3 Rac8 19. Ne4 Ne8 20. Rac1 Qa6 21. Rc2 Nd6 22. Nxd6 Bxd6 23. Kg2 Rc7 24. Qd3 b5 25. c5 Bxc5 26. Rdc1 Qd6 27. d5 Rdc8 28. Qxb5 Qb6 29. Qxb6 Bxb6 30. Rxc7 Rxc7 31. Rxc7 Bxc7 32. dxe6 fxe6 33. f4 Kf7 34. Kf3 g6 35. Bd4 a6 36. Ke4 Ke7 37. Kd3 Kd7 38. Kc4 Kc6 39. a4 Ba5 1/2-1/2

[Event "ROM-ch U20 Girls"]
[Site "Singeorz"]
[Date "1993.??.??"]
[Round "?"]
[White "Cretu, Alina"]
[Black "Bollengier, Andreea"]
[Result "1/2-1/2"]
[WhiteElo "2040"]
[BlackElo "2070"]
[PlyCount "43"]
[EventDate "1993.??.??"]
[EventType "swiss"]
[EventRounds "11"]
[EventCountry "ROU"]
[SourceTitle "TD"]
[Source "ChessBase"]
[SourceDate "1994.03.01"]
[SourceVersion "1"]
[SourceVersionDate "1994.03.01"]
[SourceQuality "1"]

1. c4 c5 2. Nc3 Nc6 3. g3 g6 4. Bg2 Bg7 5. e3 e5 6. Nge2 Nge7 7. 0-0 d6 8. d3 0-0 9. a3 a6 10. Rb1 Rb8 11. b4 cxb4 12. axb4 b5 13. cxb5 axb5 14. Nd5 Be6 15. e4 h6 16. Be3 Nd4 17. Qd2 Kh7 18. Rfc1 Nxd5 19. exd5 Bg4 20. Bxd4 exd4 21. h3 Bd7 22. Ra1 1/2-1/2

[Event "ROM-chT"]
[Site "Romania"]
[Date "1993.??.??"]
[Round "2"]
[White "Cretu, Alina"]
[Black "Negulescu, Adrian"]
[Result "0-1"]
[WhiteElo "2055"]
[BlackElo "2425"]
[PlyCount "88"]
[EventDate "1993.??.??"]
[EventType "team-tourn"]
[EventRounds "9"]
[EventCountry "ROU"]
[SourceTitle "EXT 1998"]
[Source "ChessBase"]
[SourceDate "1997.11.17"]
[SourceVersion "1"]
[SourceVersionDate "1997.11.17"]
[SourceQuality "1"]

1. Nf3 g6 2. g3 Bg7 3. Bg2 Nf6 4. 0-0 0-0 5. c4 c5 6. d4 cxd4 7. Nxd4 Nc6 8. Nc3 a6 9. Nc2 Na5 10. b3 d6 11. Bb2 Rb8 12. Nd5 Nd7 13. Bxg7 Kxg7 14. e4 b5 15. cxb5 axb5 16. b4 Nc6 17. Nd4 Nxd4 18. Qxd4+ Kg8 19. Rfc1 Bb7 20. Nc7 Bc8 21. Bf1 Ne5 22. Be2 Bd7 23. Nd5 Nc6 24. Qb2 e5 25. f4 Nd4 26. Rf1 Kg7 27. Rac1 Be6 28. Ne3 Qd7 29. Qd2 Ra8 30. Nd5 Qa7 31. Rf2 Qxa2 32. Qxa2 Rxa2 33. Bf1 Rxf2 34. Kxf2 Ra8 35. Nc3 Bd7 36. Bg2 Ra3 37. Bf3 Rb3 38. Bd1 Rxb4 39. Nd5 Rb2+ 40. Kg1 Bh3 41. fxe5 dxe5 42. Nc3 b4 43. Na4 Rg2+ 44. Kh1 Rf2 0-1

[Event "Odorheiu Secuiesc op"]
[Site "Odorheiu Secuiesc"]
[Date "1993.??.??"]
[Round "11"]
[White "Cretu, Alina"]
[Black "Skripchenko, Almira"]
[Result "1/2-1/2"]
[WhiteElo "2055"]
[BlackElo "2190"]
[PlyCount "204"]
[EventDate "1993.05.??"]
[EventType "swiss"]
[EventRounds "11"]
[EventCountry "ROU"]
[SourceTitle "TD"]
[Source "ChessBase"]
[SourceDate "1994.03.01"]
[SourceVersion "1"]
[SourceVersionDate "1994.03.01"]
[SourceQuality "1"]

1. c4 e5 2. g3 d6 3. Bg2 f5 4. e3 Nf6 5. Nc3 Be7 6. Nf3 0-0 7. 0-0 Qe8 8. d3 Qh5 9. Nd5 Nxd5 10. cxd5 Nd7 11. Qc2 Bd8 12. b4 Rf6 13. Ne1 Rh6 14. h3 Nf6 15. f4 e4 16. Bb2 Rg6 17. Kf2 Bd7 18. Rh1 c6 19. dxe4 Nxe4+ 20. Bxe4 fxe4 21. Qxe4 Bb6 22. Qf3 Qh6 23. Bd4 Bxd4 24. exd4 Rf6 25. dxc6 bxc6 26. Nd3 g5 27. Rae1 Raf8 28. Kg2 Qg7 29. Kh2 Rh6 30. Nf2 Qxd4 31. Re7 Be6 32. Rd1 Qf6 33. Rxa7 gxf4 34. Rxd6 fxg3+ 35. Qxg3+ Rg6 36. Ng4 Qb2+ 37. Qg2 Qxg2+ 38. Kxg2 h5 39. Kh2 hxg4 40. hxg4 Bf7 41. Rxg6+ Bxg6 42. Rc7 Be4 43. a4 Rb8 44. b5 cxb5 45. axb5 Rxb5 46. Kg3 Bg6 47. Kf4 Bf7 48. Re7 Kg7 49. Re5 Rb4+ 50. Re4 Rb1 51. g5 Kg6 52. Re5 Rb6 53. Ra5 Rb4+ 54. Kg3 Be6 55. Ra6 Kf5 56. Ra5+ Kg6 57. Ra6 Kf7 58. Ra7+ Kg8 59. Ra8+ Kg7 60. Ra7+ Bf7 61. Ra6 Bc4 62. Rd6 Be2 63. Rd5 Kg6 64. Ra5 Bg4 65. Ra8 Bf5 66. Rg8+ Kf7 67. Ra8 Rg4+ 68. Kf2 Rxg5 69. Ke3 Rg4 70. Ra7+ Kf6 71. Ra6+ Be6 72. Ra5 Bf5 73. Ra6+ Kg5 74. Ra8 Re4+ 75. Kf3 Rd4 76. Rg8+ Bg6 77. Rb8 Rd3+ 78. Ke2 Bf5 79. Rb4 Rh3 80. Kd2 Ra3 81. Ke2 Bg4+ 82. Kd2 Bf3 83. Kc2 Kf5 84. Kb2 Ra5 85. Kc3 Ke5 86. Rh4 Be4 87. Rh5+ Bf5 88. Kb4 Rd5 89. Kc4 Rd2 90. Kc3 Rc2+ 91. Kb3 Rc7 92. Kb4 Ke4 93. Rh4+ Kd3 94. Kb5 Be4 95. Kb6 Rc8 96. Rh3+ Kd4 97. Rh4 Rc6+ 98. Kb5 Rd6 99. Rg4 Rd5+ 100. Kb6 Ke5 101. Rg5+ Bf5 102. Kc6 Ke6 1/2-1/2

[Event "Odorheiu Secuiesc op"]
[Site "Odorheiu Secuiesc"]
[Date "1993.??.??"]
[Round "8"]
[White "Helmer, Janos"]
[Black "Cretu, Alina"]
[Result "1-0"]
[WhiteElo "2225"]
[BlackElo "2055"]
[PlyCount "80"]
[EventDate "1993.05.??"]
[EventType "swiss"]
[EventRounds "11"]
[EventCountry "ROU"]
[SourceTitle "TD"]
[Source "ChessBase"]
[SourceDate "1994.03.01"]
[SourceVersion "1"]
[SourceVersionDate "1994.03.01"]
[SourceQuality "1"]

1. Nf3 d5 2. c4 Nf6 3. g3 e6 4. Bg2 Be7 5. 0-0 0-0 6. d4 dxc4 7. Qa4 a6 8. Qxc4 b5 9. Qc2 Bb7 10. Bf4 Bd6 11. Bxd6 cxd6 12. Nbd2 Nbd7 13. Rac1 Rc8 14. Qb1 Qe7 15. e4 Nb6 16. e5 dxe5 17. dxe5 Nfd7 18. Rxc8 Rxc8 19. h4 h6 20. Re1 Nc4 21. Nxc4 bxc4 22. Qc2 Bd5 23. Re3 Nc5 24. Nd2 Qb7 25. Bf1 Nd3 26. a3 Qb8 27. Qc3 Nxb2 28. Re1 Na4 29. Qc2 Qb2 30. Qxa4 Qxd2 31. Rd1 Qb2 32. Qxa6 Ra8 33. Qd6 Qc2 34. Rxd5 exd5 35. Qxd5 Rxa3 36. Bxc4 Ra1+ 37. Kg2 Rd1 38. Qxf7+ Kh7 39. Qg8+ Kg6 40. Bf7+ Kf5 1-0

[Event "ROM-ch (Women)"]
[Site "Romania"]
[Date "1992.??.??"]
[Round "4"]
[White "Chiricuta Kantor, Iudita"]
[Black "Cretu, Alina"]
[Result "1-0"]
[WhiteElo "2155"]
[BlackElo "2040"]
[PlyCount "37"]
[EventDate "1992.??.??"]
[EventType "tourn"]
[EventRounds "13"]
[EventCountry "ROU"]
[SourceTitle "TD"]
[Source "ChessBase"]
[SourceDate "1994.03.01"]
[SourceVersion "1"]
[SourceVersionDate "1994.03.01"]
[SourceQuality "1"]

1. d4 d5 2. c4 Bf5 3. Nc3 e6 4. Nf3 c6 5. e3 Nf6 6. Bd3 Ne4 7. Qc2 Nxc3 8. Bxf5 exf5 9. bxc3 Qd7 10. Ne5 Qe6 11. Rb1 f6 12. cxd5 cxd5 13. Nd3 b6 14. Nf4 Qc6 15. Qxf5 Qxc3+ 16. Bd2 Qc6 17. Rc1 Qd6 18. Qc8+ Qd8 19. Qe6+ 1-0